000 00821nam0a22002531 4500
001 rc\62948
005 20250620164747.0
010 _a5-85259-122-X
_91000
035 _a(NLR Aleph) 005337968
090 _a6662453
_c6662453
100 _a20021216d1996 |||y0rusy50 ca
101 0 _arus
102 _aRU
105 _aa |||||||||
200 1 _aРазвитие санитарной службы в Якутии
_fИ.Я. Егоров
210 _aЯкутск
_cНИПК "Сахаполиграфиздат"
_d1996
215 _a93 с.
_cпортр.
_d20
700 1 _aЕгоров
_bИ. Я.
_cд-р мед. наук
_f1939-
_gИван Яковлевич
_9142318
_3RU\NLR\AUTH\770142354
801 0 _aRU
_bNLR
_gpsbo
801 1 _aRU
_bELAR
_2rusmarc
852 _aNLR
_j97-4/4997
942 _cBOOK
980 _aNB